000 00444nam a2200157Ia 4500
999 _c8585
_d8585
020 _a9789383930241
082 _a338.276099442 DAS-;
100 _aDash, Sandipani
245 0 _aDynamics of extractive resources in Africa: prospects for India
260 _aNew Delhi
_bG.B.Books
_c2015
300 _axii, 163p
650 _aNATURAL RESOURCES - AFRICA
650 _aAFRICA
710 _aIndian Council of World Affairs, New Delhi
942 _cBK